000 01191naa a22003377a 4500
001 BR8202766
003 BR-BrBNA
005 20240918175119.0
007 ta
008 230509b bl.||||| |||| 00| 0 por d
040 _aBR-BrBNA
_bpor
_cBiblioteca Nacional de Agricultura
041 _a(Pt)
072 _aL00; F60
_b7100
_b9340
_b8971
_b9135
_b3570
_bG514
090 _aL00 BR8202766
100 1 _aMarques, A.N.
100 1 _aWiese, H.
245 1 _aOs produtos das abelhas [Apis mellifera; Mel; Cera; Geleia; Polinizacao; Polen; Brasil]
250 1 _a3. ed.
260 3 _aPorto Alegre, RS (Brasil):
_bLivraria e Editora Agropecuaria,
_c1982.
500 _aWiese, H.; Marques, A.N.; Meyer, C.R.; Puttkammer, E. Nova apicultura 3. ed. Porto Alegre, RS (Brasil): Livraria e Editora Agropecuaria, 1982. p. 409-438 (BR8202766-AM)L00
650 _aABELHA
650 _aMEL
650 _aCERA
650 _aGELEIA
650 _aPOLEN
650 _aPOLINIZACAO
650 _aANALISE QUIMICA
773 0 _tNova apicultura
_aWiese, H.(coord.)
_b6. ed.
_w7110 BR2012004931
_gPorto Alegre, RS (Brasil), 1985.
_q493 p.
909 _a202404
_bLucia
_c55
_dLucia Elande
942 _cAM
_2AGRIS
999 _c315080
_d315080